Nórsko a Európska únia bakalárska práca

Guardado en:
Detalles Bibliográficos
Autor principal: Kováčik, Viktor
Autor Corporativo: Fakulta medzinárodných vzťahov EU. Katedra medzinárodných ekonomických vzťahov a hospodárskej diplomacie
Otros Autores: Lipková, Ľudmila
Formato: Libro
Lenguaje:eslovaco
Publicado: Bratislava 2016
Etiquetas: Agregar Etiqueta
Sin Etiquetas, Sea el primero en etiquetar este registro!

MARC

LEADER 00000nbm a2200000 4500
001 0218105
005 20170209105009.8
041 0 |a slo 
044 |a SK 
245 1 0 |a Nórsko a Európska únia  |b bakalárska práca  |c Viktor Kováčik ; školiteľ: Ľudmila Lipková, Simona Chuguryan 
264 1 |a Bratislava  |c 2016 
300 |a 45 s. 
100 1 |a Kováčik, Viktor 
700 1 |a Lipková, Ľudmila 
710 2 |a Fakulta medzinárodných vzťahov EU. Katedra medzinárodných ekonomických vzťahov a hospodárskej diplomacie